[Event "ROM-chT Rapid"]
[Site "Sebes"]
[Date "2023.12.02"]
[Round "4.11"]
[White "Jiros, Doru"]
[Black "Costin, Alexandru"]
[Result "0-1"]
[WhiteElo "1839"]
[BlackElo "2064"]
[PlyCount "122"]
[EventDate "2023.12.02"]
[EventType "team-swiss (rapid)"]
[EventRounds "8"]
[EventCountry "ROU"]
[SourceTitle "CB49_2023"]
[SourceDate "2023.12.06"]
[SourceVersion "1"]
[SourceVersionDate "2023.12.06"]
[SourceQuality "1"]
[WhiteTeam "Cugir Metalurgistul"]
[BlackTeam "Buzau Gloria"]
[WhiteTeamCountry "ROU"]
[BlackTeamCountry "ROU"]

1. Nf3 d5 2. e3 c6 3. c4 Nf6 4. b3 Bg4 5. Bb2 e6 6. Be2 Nbd7 7. d4 Bb4+ 8. Nbd2 Ne4 9. 0-0 Nc3 10. Bxc3 Bxc3 11. Rc1 Bb4 12. e4 dxe4 13. Nxe4 Bf5 14. Ng3 Bg6 15. Bd3 Bxd3 16. Qxd3 0-0 17. Rfd1 Nf6 18. Ne4 Nxe4 19. Qxe4 Re8 20. Ne5 Qe7 21. Rd3 Rad8 22. Rcd1 Bd6 23. h3 Qc7 24. Kh1 Bf8 25. f4 f6 26. Nf3 Bd6 27. f5 exf5 28. Qxf5 Bg3 29. Qg4 Qf4 30. Qxf4 Bxf4 31. d5 cxd5 32. Rxd5 Rxd5 33. cxd5 Rd8 34. Kg1 Bg3 35. Kf1 Kf7 36. Ng1 Ke7 37. Ne2 Be5 38. Kf2 Kd6 39. Kf3 f5 40. Nf4 Rc8 41. Rd2 Rc3+ 42. Rd3 Rxd3+ 43. Nxd3 Kxd5 44. h4 Bd6 45. h5 Kd4 46. Nf4 Kc3 47. Nd5+ Kb2 48. Ne3 Kxa2 49. Nxf5 Be5 50. Ke4 Bc3 51. b4 Kb3 52. b5 Kc4 53. Nd6+ Kc5 54. Nxb7+ Kxb5 55. Nd6+ Kc6 56. Nc4 a5 57. g4 a4 58. g5 g6 59. h6 Kc5 60. Kd3 Bh8 61. Ne3 a3 0-1

[Event "ROM-chT Rapid"]
[Site "Sebes"]
[Date "2023.12.02"]
[Round "5.19"]
[White "Matei Catruna, Andrei"]
[Black "Jiros, Doru"]
[Result "1/2-1/2"]
[WhiteElo "1407"]
[BlackElo "1839"]
[PlyCount "69"]
[EventDate "2023.12.02"]
[EventType "team-swiss (rapid)"]
[EventRounds "8"]
[EventCountry "ROU"]
[SourceTitle "CB49_2023"]
[SourceDate "2023.12.06"]
[SourceVersion "1"]
[SourceVersionDate "2023.12.06"]
[SourceQuality "1"]
[WhiteTeam "Central de Sah Club"]
[BlackTeam "Cugir Metalurgistul"]
[WhiteTeamCountry "ROU"]
[BlackTeamCountry "ROU"]

1. Nf3 d5 2. d4 e6 3. c4 c5 4. cxd5 exd5 5. g3 Nf6 6. Bg2 Nc6 7. 0-0 Be7 8. Nc3 0-0 9. Bg5 cxd4 10. Nxd4 h6 11. Bxf6 Bxf6 12. e3 Nxd4 13. exd4 Be6 14. Re1 Qb6 15. Nxd5 Bxd5 16. Bxd5 Bxd4 17. Re2 Rad8 18. Qb3 Qc5 19. Bg2 Rde8 20. Rxe8 Bxf2+ 21. Kh1 Rxe8 22. Qxb7 Qb6 23. Qxb6 axb6 24. b3 Re1+ 25. Rxe1 Bxe1 26. Bd5 Kf8 27. Kg2 Ke7 28. a4 f6 29. Kf3 Kd6 30. Bc4 Ke5 31. g4 f5 32. h3 f4 33. Bf7 g5 34. Bc4 Bb4 35. Bf7 1/2-1/2

[Event "Sebes Romanian Rapid op"]
[Site "Sebes"]
[Date "2022.12.02"]
[Round "3"]
[White "Jiros, Doru"]
[Black "Apostu, Rares Stefan"]
[Result "1/2-1/2"]
[WhiteElo "1936"]
[BlackElo "1331"]
[PlyCount "74"]
[EventDate "2022.12.02"]
[EventType "swiss (rapid)"]
[EventRounds "8"]
[EventCountry "ROU"]
[SourceTitle "CBM 211 Extra"]
[Source "ChessBase"]
[SourceDate "2023.01.31"]
[SourceVersion "1"]
[SourceVersionDate "2023.01.31"]
[SourceQuality "1"]

1. d4 d5 2. Bg5 c5 3. e3 Nc6 4. c3 Nf6 5. Bxf6 exf6 6. Nd2 Bd6 7. Ngf3 0-0 8. Bd3 Re8 9. 0-0 f5 10. dxc5 Bxc5 11. Nb3 Bd6 12. Nbd4 Re4 13. Nxc6 bxc6 14. Bxe4 fxe4 15. Nd4 Qh4 16. f4 g5 17. g3 Qh3 18. Qe2 c5 19. Nc2 Bg4 20. Qg2 Qh5 21. a3 Bh3 22. Qf2 gxf4 23. gxf4 Kh8 24. Kh1 Bxf1 25. Rxf1 Rb8 26. b4 a5 27. Rg1 cxb4 28. Qg2 Qf3 29. Qxf3 exf3 30. axb4 axb4 31. cxb4 Bxb4 32. Rb1 Bd6 33. Rxb8+ Bxb8 34. Kg1 Kg7 35. Kf2 Kf6 36. Kxf3 Ba7 37. Nb4 Ke6 1/2-1/2

[Event "Sebes Romanian Rapid op"]
[Site "Sebes"]
[Date "2022.12.02"]
[Round "5"]
[White "Jiros, Doru"]
[Black "Hoanca, Alexia Ioana"]
[Result "1/2-1/2"]
[WhiteElo "1936"]
[BlackElo "1540"]
[PlyCount "124"]
[EventDate "2022.12.02"]
[EventType "swiss (rapid)"]
[EventRounds "8"]
[EventCountry "ROU"]
[SourceTitle "CBM 211 Extra"]
[Source "ChessBase"]
[SourceDate "2023.01.31"]
[SourceVersion "1"]
[SourceVersionDate "2023.01.31"]
[SourceQuality "1"]

1. d4 Nf6 2. Bg5 Ne4 3. h4 h6 4. Bf4 c5 5. d5 Qa5+ 6. Nd2 e6 7. c3 exd5 8. Nxe4 dxe4 9. Qd5 Nc6 10. Qxe4+ Be7 11. Bd6 0-0 12. Bxe7 Re8 13. e3 Rxe7 14. Qd3 Qc7 15. Be2 d6 16. Nf3 Be6 17. 0-0 d5 18. Qc2 Ne5 19. Rae1 Rd8 20. Nh2 Nd7 21. f4 Nf6 22. g4 Bd7 23. Bf3 Rde8 24. g5 hxg5 25. hxg5 Ne4 26. Qg2 Bf5 27. Ng4 Bxg4 28. Qxg4 Nd2 29. Rf2 Nxf3+ 30. Qxf3 Re4 31. Qh3 Qc8 32. Qh4 Qf5 33. Rh2 f6 34. gxf6 Qxf6 35. Qh7+ Kf7 36. Qh5+ Qg6+ 37. Qxg6+ Kxg6 38. Rg2+ Kf6 39. Rg3 d4 40. Kf2 dxe3+ 41. Rgxe3 Rxf4+ 42. Kg3 Rxe3+ 43. Rxe3 Rf5 44. Rd3 Re5 45. Rd7 Re7 46. Rd5 b6 47. Rd2 g5 48. Rf2+ Kg6 49. Rd2 Kf5 50. Rf2+ Kg6 51. Rd2 Re6 52. Rd7 a5 53. Rd2 Rf6 54. c4 Re6 55. b3 Kf5 56. Rf2+ Ke5 57. Kg4 Kd4 58. Kxg5 Kc3 59. Kf5 Rd6 60. Ke5 Rh6 61. Kd5 Kb4 62. Re2 a4 1/2-1/2

[Event "Sebes Romanian Rapid op"]
[Site "Sebes"]
[Date "2022.12.02"]
[Round "4"]
[White "Mihaila, Cezar Stefan"]
[Black "Jiros, Doru"]
[Result "1/2-1/2"]
[WhiteElo "1035"]
[BlackElo "1936"]
[PlyCount "63"]
[EventDate "2022.12.02"]
[EventType "swiss (rapid)"]
[EventRounds "8"]
[EventCountry "ROU"]
[SourceTitle "CBM 211 Extra"]
[Source "ChessBase"]
[SourceDate "2023.01.31"]
[SourceVersion "1"]
[SourceVersionDate "2023.01.31"]
[SourceQuality "1"]

1. e4 d5 2. exd5 Qxd5 3. Nc3 Qd6 4. Nf3 c6 5. d4 Bg4 6. Be2 Nf6 7. 0-0 e6 8. Bg5 Nbd7 9. h3 Bh5 10. Qd3 Bg6 11. Qe3 Be7 12. Bd3 Bxd3 13. cxd3 0-0 14. Ne4 Qb4 15. Nxf6+ Bxf6 16. Bxf6 Nxf6 17. Ne5 Rad8 18. Nc4 Rd5 19. a3 Qe7 20. Rac1 Rfd8 21. Na5 Rxd4 22. Rfd1 h6 23. Nb3 R4d5 24. Rc5 Rxc5 25. Nxc5 b6 26. Ne4 Nxe4 27. Qxe4 Qd6 28. Rc1 Qxd3 29. Qxc6 Qd2 30. Qc7 Qd7 31. Qc4 Qd5 32. Qc7 1/2-1/2

[Event "Romanian op"]
[Site "Alba Iulia"]
[Date "2021.11.24"]
[Round "5"]
[White "Botea, David Alexandru"]
[Black "Jiros, Doru"]
[Result "1/2-1/2"]
[WhiteElo "2013"]
[BlackElo "2020"]
[PlyCount "46"]
[EventDate "2021.11.21"]
[EventType "swiss"]
[EventRounds "9"]
[EventCountry "ROU"]
[SourceTitle "CBM 205 Extra"]
[Source "ChessBase"]
[SourceDate "2022.01.31"]
[SourceVersion "1"]
[SourceVersionDate "2022.01.31"]
[SourceQuality "1"]

1. e4 d6 2. d4 Nf6 3. Nc3 c6 4. f4 Qa5 5. Bd3 e5 6. Nf3 Bg4 7. Be3 Nbd7 8. 0-0 Be7 9. h3 Bxf3 10. Rxf3 0-0 11. a3 a6 12. g4 exf4 13. Bxf4 Ne8 14. b4 Qd8 15. e5 Bg5 16. Qe2 Bxf4 17. Rxf4 Qe7 18. Qe4 g6 19. exd6 Qh4 20. Rf3 Nxd6 21. Qf4 Qe7 22. Na4 Rae8 23. Nc5 Nb6 1/2-1/2

[Event "Romanian op"]
[Site "Alba Iulia"]
[Date "2021.11.23"]
[Round "4"]
[White "Jiros, Doru"]
[Black "Tudor, Henry Edward"]
[Result "0-1"]
[WhiteElo "2020"]
[BlackElo "1753"]
[PlyCount "53"]
[EventDate "2021.11.21"]
[EventType "swiss"]
[EventRounds "9"]
[EventCountry "ROU"]
[SourceTitle "CBM 205 Extra"]
[Source "ChessBase"]
[SourceDate "2022.01.31"]
[SourceVersion "1"]
[SourceVersionDate "2022.01.31"]
[SourceQuality "1"]

1. d4 Nf6 2. Nc3 d5 3. Bf4 a6 4. e3 Bf5 5. Nf3 e6 6. Bd3 Bg6 7. 0-0 c5 8. Re1 Nc6 9. a3 Rc8 10. Rc1 Be7 11. Bg3 0-0 12. Bxg6 hxg6 13. dxc5 Bxc5 14. e4 Ne7 15. exd5 exd5 16. Ne2 Nf5 17. Ne5 Ne4 18. Nd3 Ba7 19. Rf1 Re8 20. Kh1 g5 21. c3 Qf6 22. Rc2 Qh6 23. Be5 Nxf2+ 24. Rxf2 Bxf2 25. Nxf2 Ne3 26. Qd2 Nxc2 27. Qxc2 0-1

[Event "Romanian op"]
[Site "Alba Iulia"]
[Date "2021.11.22"]
[Round "3"]
[White "Filip, Andrei"]
[Black "Jiros, Doru"]
[Result "1-0"]
[WhiteElo "2243"]
[BlackElo "2020"]
[PlyCount "55"]
[EventDate "2021.11.21"]
[EventType "swiss"]
[EventRounds "9"]
[EventCountry "ROU"]
[SourceTitle "CBM 205 Extra"]
[Source "ChessBase"]
[SourceDate "2022.01.31"]
[SourceVersion "1"]
[SourceVersionDate "2022.01.31"]
[SourceQuality "1"]

1. e4 d6 2. d4 Nf6 3. Nc3 c6 4. Nf3 Bg4 5. Be2 Nbd7 6. h3 Bh5 7. a4 e5 8. 0-0 Be7 9. a5 0-0 10. Bg5 Re8 11. a6 b5 12. Bxf6 Bxf6 13. d5 b4 14. dxc6 Nc5 15. Nb5 Nxe4 16. Qd5 Bg6 17. Bd3 Ng5 18. Nxg5 Bxg5 19. Bxg6 hxg6 20. Nxd6 Re7 21. Rad1 Bf6 22. Qe4 Qc7 23. Nb5 Qc8 24. c7 Qf8 25. Qxa8 Qxa8 26. Rd8+ Re8 27. Rxa8 Rxa8 28. Nxa7 1-0

[Event "Deva tt"]
[Site "Deva"]
[Date "1999.??.??"]
[Round "?"]
[White "Jiros, Doru"]
[Black "Moldovan, Dumitru"]
[Result "1-0"]
[WhiteElo "2190"]
[BlackElo "1765"]
[PlyCount "77"]
[EventDate "1999.07.??"]
[EventType "team"]
[EventRounds "9"]
[EventCountry "ROU"]
[SourceTitle "EXT 2004"]
[Source "ChessBase"]
[SourceDate "2003.11.25"]
[SourceVersion "1"]
[SourceVersionDate "2003.11.25"]
[SourceQuality "1"]

1. d4 d6 2. c4 Nf6 3. Nc3 Nbd7 4. e4 e5 5. d5 c6 6. Bd3 Be7 7. Nge2 0-0 8. 0-0 Re8 9. h3 a6 10. a4 Qc7 11. Be3 cxd5 12. cxd5 Nf8 13. a5 N6d7 14. Na4 Bf6 15. Qd2 Qd8 16. Rfc1 Ng6 17. Qb4 Qe7 18. Rc7 Bg5 19. Qd2 Bxe3 20. Qxe3 Qd8 21. Rac1 Nc5 22. Nxc5 Qxc7 23. Nxa6 Qxa5 24. Nc7 Re7 25. Nxa8 Qxa8 26. Qb6 Bd7 27. Qxd6 h6 28. Rc7 Qa4 29. Rc1 Qb3 30. Qa3 Qb6 31. b4 Kh7 32. Qa5 Qf6 33. Rc7 Qg5 34. Ng3 f6 35. d6 Rf7 36. Qa2 Nf4 37. Qxf7 Bxh3 38. Bc4 Ne2+ 39. Bxe2 1-0